000 00271 a2200121 4500
001 146701
040 _cEscola São Tomás de Aquino
100 _aAZEVEDO, Aluísio
240 1 0 _aO cortiço
_lpor
245 1 0 _aO cortiço
697 _aLITERATURA BRASILEIRA
942 _cBK
999 _c146701
_d146701